<?xml version="1.0" encoding="UTF-8"?>
<collection xmlns="http://www.loc.gov/MARC21/slim">
<record>
  <controlfield tag="001">8023</controlfield>
  <controlfield tag="005">20260221160930.0</controlfield>
  <datafield tag="037" ind1=" " ind2=" ">
    <subfield code="a">OUTRART-2026-0012</subfield>
  </datafield>
  <datafield tag="100" ind1=" " ind2=" ">
    <subfield code="a">Bertrand, Bruno</subfield>
  </datafield>
  <datafield tag="245" ind1=" " ind2=" ">
    <subfield code="a">Een nieuwe manier om het heelal waar te nemen in de KSB</subfield>
  </datafield>
  <datafield tag="260" ind1=" " ind2=" ">
    <subfield code="c">2025</subfield>
  </datafield>
  <datafield tag="520" ind1=" " ind2=" ">
    <subfield code="a">In het begin van de 20ste eeuw stelde Albert Einstein een nieuwe theorie op om de zwaartekracht te beschrijven: Algemene Relativiteit. Deze theorie voorspelt het bestaan van een nieuwe kosmische boodschapper: zwaartekrachtgolven. Hoewel die niet op de traditionele manier zichtbaar zijn, kunnen ze waargenomen wor- den en ons helpen om enkele van de compactste objecten van het heelal, zoals zwarte gaten, te bestuderen. Sinds kort is de Koninklijke Sterrenwacht van België ook actief bezig met het bestuderen van het heelal op deze manier</subfield>
  </datafield>
  <datafield tag="594" ind1=" " ind2=" ">
    <subfield code="a">NO</subfield>
  </datafield>
  <datafield tag="653" ind1="1" ind2=" ">
    <subfield code="a">Gravitational waves</subfield>
  </datafield>
  <datafield tag="653" ind1="1" ind2=" ">
    <subfield code="a">GNSS</subfield>
  </datafield>
  <datafield tag="653" ind1="1" ind2=" ">
    <subfield code="a">Einstein Telescope </subfield>
  </datafield>
  <datafield tag="700" ind1=" " ind2=" ">
    <subfield code="a">Heynen, Jef</subfield>
  </datafield>
  <datafield tag="700" ind1=" " ind2=" ">
    <subfield code="a">Janquart, Justin</subfield>
  </datafield>
  <datafield tag="773" ind1=" " ind2=" ">
    <subfield code="p">Science Connection</subfield>
    <subfield code="v">73</subfield>
    <subfield code="y">2025</subfield>
    <subfield code="c">30-34</subfield>
  </datafield>
  <datafield tag="856" ind1="0" ind2=" ">
    <subfield code="f">bruno.bertrand@ksb-orb.be</subfield>
  </datafield>
  <datafield tag="856" ind1="4" ind2="2">
    <subfield code="a">https://www.belspo.be/belspo/organisation/publ/pub_ostc/sciencecon/73sci_nl.pdf</subfield>
  </datafield>
  <datafield tag="980" ind1=" " ind2=" ">
    <subfield code="a">OUTRART</subfield>
  </datafield>
</record>
</collection>